Lokacharithram: 1914-1968/ (Record no. 26051)

000 -LEADER
fixed length control field 00397nam a22001571a 4500
082 ## - DEWEY DECIMAL CLASSIFICATION NUMBER
Classification number M 909
Item number THO/L
100 ## - MAIN ENTRY--AUTHOR NAME
Personal name Thomson David
245 ## - TITLE STATEMENT
Title Lokacharithram: 1914-1968/
Statement of responsibility, etc by Thomson David
250 ## - EDITION STATEMENT
Edition statement 2nd ed.
260 ## - PUBLICATION, DISTRIBUTION, ETC. (IMPRINT)
Place of publication Thiruvananthapuram:
Name of publisher Kerala Bhasha Institute,
Year of publication 1996.
300 ## - PHYSICAL DESCRIPTION
Number of Pages 190p.
650 ## - SUBJECT ADDED ENTRY--TOPICAL TERM
Topical Term History World
650 ## - SUBJECT ADDED ENTRY--TOPICAL TERM
Topical Term History
700 ## - ADDED ENTRY--PERSONAL NAME
Personal name Divakaran M (tr.)
942 ## - ADDED ENTRY ELEMENTS (KOHA)
Koha item type Book
Holdings
Withdrawn status Lost status Damaged status Not for loan Permanent Location Current Location Date acquired Cost, normal purchase price Full call number Accession Number Cost, replacement price Price effective from Koha item type Shelving location
Write off     1 Sree Sankaracharya University of Sanskrit Sree Sankaracharya University of Sanskrit 08.01.2015 32.00 M 909 N96 025742 0.00 08.01.2015 Book  
        Sree Sankaracharya University of Sanskrit Sree Sankaracharya University of Sanskrit 08.01.2015 32.00 M 909 THO/L 039533 0.00 08.01.2015 Book Stacks